[Event "Dresden ZMDI Blitz"]
[Site "Dresden"]
[Date "2011.08.11"]
[Round "6"]
[White "Frommelt, Rene"]
[Black "Sauer, Edwin"]
[Result "1/2-1/2"]
[WhiteElo "1675"]
[BlackElo "1686"]
[PlyCount "69"]
[EventDate "2011.08.06"]
[EventType "swiss (blitz)"]
[EventRounds "9"]
[EventCountry "GER"]
[SourceTitle "EXT 2022"]
[Source "ChessBase"]
[SourceDate "2021.10.06"]
[SourceVersion "1"]
[SourceVersionDate "2021.10.06"]
[SourceQuality "1"]

1. e4 c5 2. Nc3 e6 3. g3 Nc6 4. Bg2 g6 5. Nge2 Bg7 6. 0-0 Nge7 7. f4 d6 8. d3 0-0 9. Rb1 Nd4 10. Nxd4 Bxd4+ 11. Kh1 a6 12. Ne2 Bg7 13. Bd2 Nc6 14. c3 Qc7 15. Be3 b5 16. d4 cxd4 17. cxd4 Bb7 18. Qd2 Ne7 19. Rbc1 Qd7 20. Rc2 d5 21. e5 Rfc8 22. Rfc1 Rc4 23. b3 Rxc2 24. Rxc2 Rc8 25. Rxc8+ Qxc8 26. Qc1 Nf5 27. Qxc8+ Bxc8 28. Bf2 Bf8 29. g4 Ne7 30. Nc1 Nc6 31. Bf1 Ba3 32. Nd3 a5 33. Ne1 Nb4 34. Bxb5 Nxa2 35. Nd3 1/2-1/2

[Event "Mittelfrankenliga-B2b 0506"]
[Site "Germany"]
[Date "2006.04.02"]
[Round "8.8"]
[White "Sauer, Edwin"]
[Black "Sandner, Andreas"]
[Result "0-1"]
[WhiteElo "1815"]
[BlackElo "1596"]
[PlyCount "96"]
[EventDate "2005.10.16"]
[EventType "team"]
[EventRounds "9"]
[EventCountry "GER"]
[SourceTitle "EXT 2007"]
[Source "ChessBase"]
[SourceDate "2006.11.23"]
[SourceVersion "1"]
[SourceVersionDate "2006.11.23"]
[SourceQuality "1"]

1. e4 c6 2. Nc3 g6 3. d4 d5 4. exd5 cxd5 5. g3 Nf6 6. Bg2 Bg7 7. Nf3 0-0 8. 0-0 Nc6 9. Be3 Bf5 10. a3 Rc8 11. Ne5 h5 12. Qd2 Na5 13. h3 Nc4 14. Nxc4 Rxc4 15. f3 Qd6 16. g4 Be6 17. g5 Nd7 18. f4 Rfc8 19. Rf2 Qb6 20. Rc1 Bxd4 21. Bxd4 Rxd4 22. Qe3 Qxb2 23. Ne2 Rdc4 24. c3 Qxa3 25. Rf3 d4 26. Qd2 Qc5 27. Kh2 dxc3 28. Rcxc3 Nb6 29. Rxc4 Nxc4 30. Qc3 Bd5 31. Rd3 Bxg2 32. Kxg2 Qf5 33. Rf3 Nd6 34. Qe3 Qe4 35. Qxe4 Nxe4 36. Re3 Rc4 37. Rd3 Nd6 38. Kf3 a5 39. Nc3 b5 40. Nd5 Kf8 41. Re3 Nf5 42. Ra3 a4 43. Nb6 Rb4 44. Nd7+ Ke8 45. Nc5 Nd4+ 46. Kg3 Ne6 47. Nxe6 fxe6 48. Kg2 Rxf4 0-1

[Event "Mittelfrankenliga-B2b 0506"]
[Site "Germany"]
[Date "2005.12.04"]
[Round "3.8"]
[White "Wiedemann, Jan"]
[Black "Sauer, Edwin"]
[Result "0-1"]
[WhiteElo "1633"]
[BlackElo "1815"]
[PlyCount "102"]
[EventDate "2005.10.16"]
[EventType "team"]
[EventRounds "9"]
[EventCountry "GER"]
[SourceTitle "EXT 2007"]
[Source "ChessBase"]
[SourceDate "2006.11.23"]
[SourceVersion "1"]
[SourceVersionDate "2006.11.23"]
[SourceQuality "1"]

1. d4 g6 2. Nf3 Bg7 3. c3 d5 4. Bg5 Nc6 5. e3 Bf5 6. Bd3 Bxd3 7. Qxd3 Nf6 8. Nbd2 a6 9. 0-0 0-0 10. Rfe1 Qd7 11. e4 dxe4 12. Nxe4 Nxe4 13. Qxe4 e6 14. Rad1 Rfe8 15. Qf4 Rac8 16. Ne5 Nxe5 17. dxe5 Qb5 18. Re3 c5 19. Red3 Qxb2 20. Rd7 Rf8 21. Be7 Qxc3 22. Bxf8 Rxf8 23. Rxb7 Bxe5 24. Qe4 Bd4 25. Rb3 Qc4 26. Qh4 Qc2 27. Rf1 Qxa2 28. Rh3 h5 29. Qe4 Qd5 30. Qc2 Rb8 31. Rf3 e5 32. Qa4 Ra8 33. Rb3 c4 34. Rb4 c3 35. Rd1 Rd8 36. Kf1 Rd6 37. Qe8+ Kg7 38. Rb8 Kf6 39. Qh8+ Kg5 40. h4+ Kf5 41. Qh6 Qc4+ 42. Kg1 f6 43. Kh2 c2 44. Rc1 Bxf2 45. g4+ hxg4 46. h5 g5 47. Qg6+ Kf4 48. Rxc2 g3+ 49. Kg2 Qd5+ 50. Kf1 Qh1+ 51. Ke2 Qe1# 0-1